| 000 | 01147cam a22003377a 4500 | ||
|---|---|---|---|
| 003 | CHAP | ||
| 005 | 20240508095614.0 | ||
| 008 | 001116d2000 es a r 00110 esp d | ||
| 010 | _a82859 | ||
| 011 | _a83831 | ||
| 020 | _a8483221802 | ||
| 035 | _a94348 | ||
| 040 | _cCHAP | ||
| 082 | 0 | 4 |
_a550 _bT3Y 1999 |
| 100 | 0 | 0 |
_aTarbuck, Edward J. _9111695 |
| 245 | 1 | 0 |
_aCiencias de la tierra : _buna introducción a la geología física _c/por Edward J. Tarbuck y Frederick K. Lutgens |
| 260 |
_aMadrid : _bPrentice Hall, _c2000. |
||
| 300 |
_a539 p. : _bilus. + 1 disco compacto 4 3/4 plgs. |
||
| 500 | _aTrad. de Earth, an introduction to physical geology 6ed., 1999 | ||
| 590 |
_aBATCH-UPD _b10 _c20130110 |
||
| 590 |
_aBATCH-UPD _b10 _c20130410 |
||
| 590 |
_aBATCH-UPD _b10 _c20130914 |
||
| 590 |
_aCONVERSION _b10 _c20130109 |
||
| 650 | 1 | 4 |
_aGeología. _947604 |
| 700 | 0 |
_aLutgens, Frederick K. _969201 |
|
| 901 | _aBK | ||
| 905 | _aLilia Sánchez G. | ||
| 942 |
_cCD _2ddc |
||
| 949 |
_a550 T3Y 1999 _bBC _cCD _d33724002027371 _eCD _fCD _i94348 _sb |
||
| 949 |
_a550 T3Y 1999 _bBC _cLIBRO _d33724000804233 _eLIBRO _gI.208351 _h99055 _i94348 _so _t$209.00 |
||
| 999 |
_c82859 _d82859 |
||